Big City Life - Mattafix - All Lyrics - Statistics

General Stats
  • This quiz has been taken 7 times
  • The average score is 296 of 461
Answer Stats
Answer % Correct
a
100%
(a
100%
A
100%
Big
100%
big
100%
city
100%
get
100%
I
100%
life,
100%
life
100%
Be
83%
do
83%
down
83%
fi
83%
friend
83%
let
83%
live
83%
me
83%
me?
83%
mine
83%
mine)
83%
my
83%
nah
83%
no
83%
of
83%
to
83%
wanna
83%
you
83%
all
67%
All
67%
And
67%
and
67%
anything
67%
Babylon
67%
by
67%
Don't
67%
Don’t
67%
ever
67%
from
67%
I’ll
67%
I'll
67%
in
67%
it
67%
just
67%
now
67%
on
67%
one
67%
People
67%
right
67%
Take
67%
the
67%
The
67%
this
67%
time
67%
time?
67%
up,
67%
We
67%
we
67%
what
67%
as
50%
before
50%
case
50%
de
50%
find
50%
have
50%
heart
50%
if
50%
It’s
50%
I've
50%
know
50%
lives,
50%
lonely,
50%
moment
50%
'pon
50%
show,
50%
system
50%
try
50%
with
50%
You’ll
50%
across
33%
arisen
33%
chosen
33%
corner
33%
Designed,
33%
done
33%
funny,
33%
hard
33%
here
33%
how
33%
is
33%
is,
33%
keep
33%
lined
33%
mankind
33%
matter
33%
myself
33%
oceans
33%
our
33%
permanent
33%
Pressure
33%
prison,
33%
push
33%
relax
33%
row
33%
seas
33%
share
33%
some
33%
us
33%
vision
33%
where
33%
wisdom
33%
work
33%
Back
17%
base
17%
depart
17%
discreetly,
17%
ease
17%
fauna
17%
flora
17%
hardship
17%
itinerant
17%
linguist
17%
neatly
17%
rash
17%
Soon
17%
Still
17%
still
17%
stuff
17%
survives
17%
yard
17%
No matching quizzes found
Score Distribution
Percent of People with Each Score
Percentile by Number Answered
Your Score History
You have not taken this quiz